Essentials of geology

The book presents the content and material on plate tectonics in the first two chapters and offering more material on earth history than other texts in the market. The authors provide engaging examples, as can be seen in the "Cultural Connection" boxes. Chapter opener objectives are now nu...

全面介绍

Đã lưu trong:
书目详细资料
主要作者: Wicander, Reed
格式: 图书
语言:Undetermined
出版: Australia Thomson 2006
主题:
标签: 添加标签
没有标签, 成为第一个标记此记录!
Thư viện lưu trữ: Trung tâm Học liệu Trường Đại học Cần Thơ
LEADER 01048nam a2200205Ia 4500
001 CTU_87443
008 210402s9999 xx 000 0 und d
020 |c 825000 
082 |a 550 
082 |b W633 
100 |a Wicander, Reed 
245 0 |a Essentials of geology 
245 0 |c Reed Wicander, James S. Monroe 
260 |a Australia 
260 |b Thomson 
260 |c 2006 
520 |a The book presents the content and material on plate tectonics in the first two chapters and offering more material on earth history than other texts in the market. The authors provide engaging examples, as can be seen in the "Cultural Connection" boxes. Chapter opener objectives are now numbered so that students can easily recognize the crucial points of the chapter while reading and then they are numbered again in the chapter summary, for review. The Fourth Edition has numerous new photos that will be of interest to faculty and students 
650 |a Geology 
904 |i Giang, H.Mai 
980 |a Trung tâm Học liệu Trường Đại học Cần Thơ